|
|
|
|
| LEADER |
00833nam a2200241 a 4500 |
| 001 |
4575960 |
| 008 |
090808s1922 ii 000 1 eng d |
| 010 |
|
|
|a \74192172
|
| 020 |
|
|
|a 8129102048
|
| 040 |
|
|
|a DLC
|c DLC
|d DLC
|
| 082 |
0 |
0 |
|a 833/.912
|
| 100 |
1 |
|
|a Hesse, Hermann,
|d 1877-1962.
|
| 240 |
1 |
0 |
|a Siddhartha.
|l English
|
| 245 |
0 |
0 |
|a Siddhartha /
|c Translated from the German by Hilda Rosner.
|
| 260 |
|
|
|a New Delhi :
|b Rupa,
|c 1922.
|
| 300 |
|
|
|a 121 p. ;
|c 21 cm.
|
| 490 |
0 |
|
|a Rupa paperbook
|
| 541 |
1 |
|
|e 00013983
|
| 650 |
|
0 |
|a Buddhism
|v Fiction.
|
| 700 |
1 |
|
|a Rosner, Hilda,
|e tr.
|
| 852 |
4 |
|
|a Ayesha Abed Library
|j General shelf
|
| 999 |
|
|
|c 3682
|d 3682
|
| 952 |
|
|
|0 0
|1 0
|2 ddc
|4 0
|6 833_912000000000000_HES
|7 0
|9 3342
|a BRACUL
|b BRACUL
|c GEN
|d 2009-09-03
|g 214.00
|l 14
|m 83
|o 833.912 HES
|p 3010013983
|q 2026-05-21
|r 2026-05-07
|s 2026-05-07
|t 1
|w 2009-09-03
|y BK
|